000 00726nam a2200205Ia 4500
999 _c64773
_d64773
003 GCL
005 20240530110750.0
008 140319s9999 xx 000 0 ara d
040 _aGCL /
_cGCL
082 0 4 _a624.1 \
_bع م
100 1 _aعماد درويش
245 1 0 _aالمرجع الشامل فى الهندسة الانشائية : حساب الوصلات فى المنشآت الفولاذية /
_cعماد درويش
300 _a223 ص
490 _aالمرجع الشامل فى الهندسة الانشائية
_v0
650 0 4 _aالهندسة
650 0 4 _aالهندسة الانشائية
650 0 4 _aالتحليل الانشائى
650 0 4 _aالمنشآت الهندسية
942 _2ddc
_cBK